[Event "Team Championship Russia (Rapid, Women)"]
[Site "Sochi"]
[Date "2018.10.08"]
[Round "3.10"]
[White "Belenkaya, Dina"]
[Black "Vyrtosu, Natalia"]
[Result "1-0"]
[BlackElo "1877"]
[WhiteElo "2204"]
[LiveChessVersion "1.4.8"]

1. e4 {[%clk 0:15:18]} c6 {[%clk 0:15:19]} 2. d4 {[%clk 0:15:27]} d5
{[%clk 0:15:28]} 3. exd5 {[%clk 0:15:35]} cxd5 {[%clk 0:15:37]} 4. Bd3
{[%clk 0:15:43]} Nf6 {[%clk 0:15:38]} 5. c3 {[%clk 0:15:47]} Nc6 {[%clk 0:15:37]}
6. Bf4 {[%clk 0:15:53]} Qb6 {[%clk 0:15:10]} 7. Qb3 {[%clk 0:14:04]} Qxb3
{[%clk 0:14:58]} 8. axb3 {[%clk 0:14:12]} Bg4 {[%clk 0:14:29]} 9. b4
{[%clk 0:14:14]} e6 {[%clk 0:14:00]} 10. b5 {[%clk 0:13:56]} Ne7 {[%clk 0:14:07]}
11. Nd2 {[%clk 0:13:50]} Bf5 {[%clk 0:13:23]} 12. Be2 {[%clk 0:13:49]} Ng6
{[%clk 0:13:10]} 13. Bg3 {[%clk 0:13:44]} Be7 {[%clk 0:12:42]} 14. h3
{[%clk 0:11:01]} O-O {[%clk 0:12:36]} 15. Bh2 {[%clk 0:09:39]} Nh8
{[%clk 0:09:59]} 16. g4 {[%clk 0:09:32]} Be4 {[%clk 0:09:56]} 17. Nxe4
{[%clk 0:09:06]} Nxe4 {[%clk 0:09:57]} 18. Nf3 {[%clk 0:09:09]} Bd6
{[%clk 0:08:38]} 19. Ne5 {[%clk 0:08:12]} Rfd8 {[%clk 0:05:59]} 20. f3
{[%clk 0:08:00]} Nf6 {[%clk 0:05:20]} 21. h4 {[%clk 0:08:06]} Ng6
{[%clk 0:04:40]} 22. h5 {[%clk 0:07:40]} Ne7 {[%clk 0:04:20]} 23. Bd3
{[%clk 0:07:28]} Bxe5 {[%clk 0:02:43]} 24. Bxe5 {[%clk 0:07:32]} h6
{[%clk 0:02:39]} 25. Kd2 {[%clk 0:07:27]} Kf8 {[%clk 0:02:20]} 26. Ra2
{[%clk 0:07:16]} b6 {[%clk 0:01:33]} 27. Rha1 {[%clk 0:06:47]} Rd7
{[%clk 0:01:42]} 28. Ra6 {[%clk 0:06:49]} Nc8 {[%clk 0:01:48]} 29. b3
{[%clk 0:06:11]} Ne8 {[%clk 0:01:55]} 30. Ke3 {[%clk 0:05:47]} f6
{[%clk 0:01:51]} 31. Bg3 {[%clk 0:05:55]} Ned6 {[%clk 0:01:21]} 32. c4
{[%clk 0:05:52]} Rb7 {[%clk 0:00:57]} 33. c5 {[%clk 0:05:45]} bxc5
{[%clk 0:01:05]} 34. Bxd6+ {[%clk 0:05:50]} Nxd6 {[%clk 0:01:14]} 35. Rxd6
{[%clk 0:05:59]} cxd4+ {[%clk 0:01:22]} 36. Kxd4 {[%clk 0:06:04]} Ke7
{[%clk 0:01:31]} 37. Raa6 {[%clk 0:06:11]} e5+ {[%clk 0:01:29]} 38. Kxd5
{[%clk 0:06:19]} Rc8 {[%clk 0:01:31]} 39. Rac6 {[%clk 0:06:25]} Rcb8
{[%clk 0:01:24]} 40. b4 {[%clk 0:06:17]} Ra8 {[%clk 0:01:27]} 41. Kc5
{[%clk 0:06:21]} Rab8 {[%clk 0:01:31]} 42. Bc4 {[%clk 0:06:13]} Ke8
{[%clk 0:01:31]} 43. b6 {[%clk 0:06:09]} axb6+ {[%clk 0:01:32]} 44. Rxb6
{[%clk 0:06:16]} Rc7+ {[%clk 0:01:20]} 45. Rdc6 {[%clk 0:06:21]} Rbb7
{[%clk 0:01:16]} 46. Rxb7 {[%clk 0:06:27]} Rxb7 {[%clk 0:01:25]} 47. b5
{[%clk 0:06:36]} Kd7 {[%clk 0:01:32]} 48. Be6+ {[%clk 0:06:44]} Kd8
{[%clk 0:01:34]} 49. b6 {[%clk 0:06:53]} Ke8 {[%clk 0:01:28]} 50. Kd6
{[%clk 0:06:54]} Rb8 {[%clk 0:01:28]} 51. Bc8 {[%clk 0:07:02]} Kd8
{[%clk 0:01:35]} 52. b7 {[%clk 0:07:10]} 1-0

[Event "Team Championship Russia (Rapid, Women)"]
[Site "Sochi"]
[Date "2018.10.08"]
[Round "3.11"]
[White "Girshgorn, Maria"]
[Black "Styazhkina, Anna"]
[Result "0-1"]
[BlackElo "2214"]
[WhiteElo "1916"]
[LiveChessVersion "1.4.8"]

1. d4 {[%clk 0:15:18]} d5 {[%clk 0:15:19]} 2. Nf3 {[%clk 0:15:27]} Nf6
{[%clk 0:15:27]} 3. g3 {[%clk 0:15:36]} Bf5 {[%clk 0:15:31]} 4. Bg2
{[%clk 0:15:44]} e6 {[%clk 0:15:34]} 5. O-O {[%clk 0:15:51]} h6 {[%clk 0:15:43]}
6. c4 {[%clk 0:15:48]} c6 {[%clk 0:15:52]} 7. Nc3 {[%clk 0:15:56]} Nbd7
{[%clk 0:15:55]} 8. cxd5 {[%clk 0:15:33]} exd5 {[%clk 0:15:47]} 9. Bf4
{[%clk 0:15:31]} Be7 {[%clk 0:15:44]} 10. a3 {[%clk 0:15:15]} O-O
{[%clk 0:15:43]} 11. b4 {[%clk 0:15:08]} Ne4 {[%clk 0:15:29]} 12. Nxe4
{[%clk 0:14:33]} Bxe4 {[%clk 0:15:37]} 13. Qb3 {[%clk 0:14:39]} Bf6
{[%clk 0:15:23]} 14. Rfd1 {[%clk 0:14:22]} Re8 {[%clk 0:15:18]} 15. e3
{[%clk 0:13:47]} Qe7 {[%clk 0:12:53]} 16. b5 {[%clk 0:13:18]} c5 {[%clk 0:12:44]}
17. Ra2 {[%clk 0:12:30]} c4 {[%clk 0:12:41]} 18. Qc3 {[%clk 0:12:34]} Rac8
{[%clk 0:12:14]} 19. a4 {[%clk 0:08:56]} Qe6 {[%clk 0:11:23]} 20. Rc1
{[%clk 0:07:46]} Be7 {[%clk 0:09:55]} 21. a5 {[%clk 0:07:41]} g5 {[%clk 0:09:36]}
22. Bxg5 {[%clk 0:06:46]} hxg5 {[%clk 0:09:41]} 23. a6 {[%clk 0:05:45]} b6
{[%clk 0:09:50]} 24. Ne1 {[%clk 0:05:18]} Bxg2 {[%clk 0:09:46]} 25. Nxg2
{[%clk 0:05:26]} Nf6 {[%clk 0:09:42]} 26. Qc2 {[%clk 0:04:37]} Qh3
{[%clk 0:09:23]} 27. f3 {[%clk 0:03:58]} Kg7 {[%clk 0:09:19]} 28. Ne1
{[%clk 0:03:27]} Bd6 {[%clk 0:09:11]} 29. Qg2 {[%clk 0:03:32]} Qxg2+
{[%clk 0:08:50]} 30. Nxg2 {[%clk 0:03:39]} g4 {[%clk 0:08:53]} 31. f4
{[%clk 0:03:38]} Bb4 {[%clk 0:08:36]} 32. Re2 {[%clk 0:03:01]} Ne4
{[%clk 0:08:41]} 33. Rcc2 {[%clk 0:01:46]} Nd6 {[%clk 0:08:39]} 34. Kf1
{[%clk 0:01:31]} c3 {[%clk 0:08:36]} 35. Ne1 {[%clk 0:01:29]} Nxb5
{[%clk 0:08:37]} 0-1

[Event "Team Championship Russia (Rapid, Women)"]
[Site "Sochi"]
[Date "2018.10.08"]
[Round "3.12"]
[White "Chernyak, Viktoria"]
[Black "Bondareva, Daria"]
[Result "1-0"]
[BlackElo "1791"]
[WhiteElo "2197"]
[LiveChessVersion "1.4.8"]

1. d4 {[%clk 0:15:19]} Nf6 {[%clk 0:15:19]} 2. Nf3 {[%clk 0:15:27]} e6
{[%clk 0:15:27]} 3. c4 {[%clk 0:15:35]} b6 {[%clk 0:15:35]} 4. Qc2
{[%clk 0:15:03]} Bb7 {[%clk 0:15:34]} 5. Nbd2 {[%clk 0:15:11]} Bb4
{[%clk 0:14:33]} 6. a3 {[%clk 0:14:44]} Bxd2+ {[%clk 0:14:14]} 7. Nxd2
{[%clk 0:14:02]} c5 {[%clk 0:12:35]} 8. dxc5 {[%clk 0:13:45]} bxc5
{[%clk 0:12:37]} 9. e3 {[%clk 0:13:44]} Qc7 {[%clk 0:10:37]} 10. b3
{[%clk 0:13:38]} O-O {[%clk 0:09:34]} 11. Bb2 {[%clk 0:13:47]} Ne8
{[%clk 0:09:43]} 12. Nf3 {[%clk 0:12:48]} f5 {[%clk 0:08:56]} 13. Be2
{[%clk 0:08:56]} d6 {[%clk 0:07:48]} 14. O-O {[%clk 0:08:04]} e5 {[%clk 0:06:34]}
15. b4 {[%clk 0:07:52]} a5 {[%clk 0:05:29]} 16. Bc3 {[%clk 0:06:41]} axb4
{[%clk 0:04:27]} 17. axb4 {[%clk 0:06:49]} cxb4 {[%clk 0:04:07]} 18. Bxb4
{[%clk 0:06:53]} Na6 {[%clk 0:04:02]} 19. Ba5 {[%clk 0:06:19]} Qe7
{[%clk 0:03:25]} 20. Bb6 {[%clk 0:05:25]} Nf6 {[%clk 0:00:45]} 21. Ra4
{[%clk 0:03:28]} Nd7 {[%clk 0:00:49]} 22. Ba5 {[%clk 0:03:17]} Ndc5
{[%clk 0:00:58]} 23. Ra3 {[%clk 0:03:25]} Be4 {[%clk 0:01:07]} 24. Qd2
{[%clk 0:03:10]} Rfb8 {[%clk 0:00:54]} 25. Bc3 {[%clk 0:02:52]} Rb3
{[%clk 0:00:36]} 26. Rfa1 {[%clk 0:02:53]} Rab8 {[%clk 0:00:43]} 27. h3
{[%clk 0:02:10]} Rxa3 {[%clk 0:00:49]} 28. Rxa3 {[%clk 0:02:18]} Nb3
{[%clk 0:00:28]} 29. Qd1 {[%clk 0:02:05]} Nac5 {[%clk 0:00:37]} 30. Kh2
{[%clk 0:02:09]} h6 {[%clk 0:00:30]} 31. Nd2 {[%clk 0:02:13]} Nxd2
{[%clk 0:00:39]} 32. Qxd2 {[%clk 0:02:18]} Bc6 {[%clk 0:00:25]} 33. f3
{[%clk 0:02:23]} Qe6 {[%clk 0:00:17]} 34. Bb4 {[%clk 0:02:14]} Nb7
{[%clk 0:00:20]} 35. Ra6 {[%clk 0:02:11]} Qd7 {[%clk 0:00:18]} 36. Ra7
{[%clk 0:02:02]} d5 37. cxd5 {[%clk 0:02:03]} Qxd5 {[%clk 0:00:33]} 38. Qc3
{[%clk 0:02:02]} Nd6 {[%clk 0:00:18]} 39. Bxd6 {[%clk 0:01:24]} Qxd6
{[%clk 0:00:21]} 40. Ra6 {[%clk 0:01:31]} Rc8 {[%clk 0:00:25]} 41. Bb5
{[%clk 0:01:35]} 1-0

[Event "Team Championship Russia (Rapid, Women)"]
[Site "Sochi"]
[Date "2018.10.08"]
[Round "4.1"]
[White "Pogonina, Natalija"]
[Black "Shuvalova, Polina"]
[Result "1-0"]
[BlackElo "2342"]
[WhiteElo "2444"]
[LiveChessVersion "1.4.8"]

1. d4 {[%clk 0:15:18]} Nf6 {[%clk 0:15:19]} 2. c4 {[%clk 0:15:26]} e6
{[%clk 0:15:28]} 3. g3 {[%clk 0:15:34]} d5 {[%clk 0:15:23]} 4. Nf3
{[%clk 0:15:36]} Bb4+ {[%clk 0:15:31]} 5. Nbd2 {[%clk 0:15:42]} O-O
{[%clk 0:14:55]} 6. Bg2 {[%clk 0:15:44]} b6 {[%clk 0:14:37]} 7. O-O
{[%clk 0:15:50]} Bb7 {[%clk 0:14:45]} 8. a3 {[%clk 0:15:46]} Be7 {[%clk 0:14:07]}
9. cxd5 {[%clk 0:15:51]} exd5 {[%clk 0:14:12]} 10. b4 {[%clk 0:15:58]} Nbd7
{[%clk 0:14:02]} 11. Rb1 {[%clk 0:14:15]} a6 {[%clk 0:13:54]} 12. Bb2
{[%clk 0:14:11]} Bd6 {[%clk 0:13:36]} 13. Qb3 {[%clk 0:13:15]} Re8
{[%clk 0:13:36]} 14. e3 {[%clk 0:13:17]} Qe7 {[%clk 0:13:22]} 15. Rfc1
{[%clk 0:13:11]} Rad8 {[%clk 0:13:02]} 16. Qc2 {[%clk 0:12:58]} Rc8
{[%clk 0:12:54]} 17. Qd3 {[%clk 0:12:28]} Ne4 {[%clk 0:12:46]} 18. Qe2
{[%clk 0:12:19]} Nef6 {[%clk 0:12:20]} 19. Ne1 {[%clk 0:12:10]} h5
{[%clk 0:12:07]} 20. Ndf3 {[%clk 0:12:03]} Ne4 {[%clk 0:11:50]} 21. Nd3
{[%clk 0:11:58]} Ndf6 {[%clk 0:11:15]} 22. Nfe5 {[%clk 0:11:32]} c5
{[%clk 0:11:07]} 23. bxc5 {[%clk 0:11:19]} bxc5 {[%clk 0:11:16]} 24. dxc5 Nxc5
{[%clk 0:11:12]} 25. Nxc5 {[%clk 0:11:20]} Bxc5 {[%clk 0:11:13]} 26. a4
{[%clk 0:10:26]} h4 {[%clk 0:10:33]} 27. Nd3 {[%clk 0:10:17]} Ba3
{[%clk 0:08:10]} 28. Rxc8 {[%clk 0:09:41]} Bxc8 {[%clk 0:08:12]} 29. Bxf6
{[%clk 0:09:42]} Qxf6 {[%clk 0:08:20]} 30. Bxd5 {[%clk 0:09:46]} Bf5
{[%clk 0:07:54]} 31. Rd1 {[%clk 0:08:56]} a5 {[%clk 0:07:11]} 32. e4
{[%clk 0:07:31]} Bg6 {[%clk 0:04:46]} 33. Nf4 {[%clk 0:06:54]} Bh7
{[%clk 0:04:20]} 34. Qb5 {[%clk 0:06:21]} Qe7 {[%clk 0:03:57]} 35. Bc6
{[%clk 0:05:39]} Rc8 {[%clk 0:02:50]} 36. Rd7 {[%clk 0:05:18]} Qe8
{[%clk 0:02:08]} 37. e5 {[%clk 0:03:09]} Rb8 {[%clk 0:01:38]} 38. Qd5
{[%clk 0:03:07]} h3 {[%clk 0:01:32]} 39. Nxh3 {[%clk 0:02:47]} Bf5
{[%clk 0:01:37]} 40. Rb7 {[%clk 0:02:47]} Qf8 {[%clk 0:01:02]} 41. Rxb8
{[%clk 0:02:39]} Qxb8 {[%clk 0:01:10]} 42. Ng5 {[%clk 0:02:46]} Qc7
{[%clk 0:01:01]} 43. e6 {[%clk 0:01:50]} fxe6 {[%clk 0:00:58]} 44. Nxe6
{[%clk 0:01:57]} Bxe6 {[%clk 0:00:43]} 45. Qxe6+ {[%clk 0:02:05]} Qf7
{[%clk 0:00:50]} 46. Qc8+ {[%clk 0:02:07]} Bf8 {[%clk 0:00:22]} 47. Qd8
{[%clk 0:02:01]} Qf6 {[%clk 0:00:12]} 48. Bd5+ {[%clk 0:01:49]} Kh7
{[%clk 0:00:21]} 49. Qxa5 {[%clk 0:01:50]} Qd4 {[%clk 0:00:24]} 50. Qd8
{[%clk 0:00:56]} Bc5 {[%clk 0:00:31]} 51. Bg8+ {[%clk 0:00:41]} Kh6
{[%clk 0:00:25]} 52. Qxd4 {[%clk 0:00:36]} Bxd4 {[%clk 0:00:33]} 53. a5
{[%clk 0:00:45]} Kg5 {[%clk 0:00:32]} 54. Kg2 {[%clk 0:00:50]} Kf5
{[%clk 0:00:39]} 55. a6 {[%clk 0:00:57]} Ke5 {[%clk 0:00:24]} 56. Bh7
{[%clk 0:00:59]} Bc5 {[%clk 0:00:30]} 57. f4+ {[%clk 0:01:05]} Kf6
{[%clk 0:00:32]} 58. Kf3 {[%clk 0:01:12]} Kf7 {[%clk 0:00:38]} 59. Bd3
{[%clk 0:01:17]} Kf6 {[%clk 0:00:46]} 60. h4 {[%clk 0:01:22]} Ke6
{[%clk 0:00:47]} 61. Be4 {[%clk 0:01:28]} Bb6 {[%clk 0:00:55]} 62. h5
{[%clk 0:01:35]} Kf6 {[%clk 0:00:59]} 63. g4 {[%clk 0:01:44]} Ke6
{[%clk 0:01:07]} 64. g5 {[%clk 0:01:51]} Bc5 {[%clk 0:01:14]} 65. h6
{[%clk 0:01:37]} gxh6 {[%clk 0:01:22]} 66. gxh6 {[%clk 0:01:46]} Kf6
{[%clk 0:01:27]} 67. h7 {[%clk 0:01:53]} Kg7 {[%clk 0:01:36]} 68. Bf5
{[%clk 0:01:56]} 1-0

[Event "Team Championship Russia (Rapid, Women)"]
[Site "Sochi"]
[Date "2018.10.08"]
[Round "4.2"]
[White "Voit, Daria"]
[Black "Girya, Olga"]
[Result "1-0"]
[BlackElo "2440"]
[WhiteElo "2355"]
[LiveChessVersion "1.4.8"]

1. Nf3 {[%clk 0:15:19]} d5 {[%clk 0:15:19]} 2. c4 {[%clk 0:15:27]} d4
{[%clk 0:15:27]} 3. b4 {[%clk 0:15:36]} f6 {[%clk 0:15:16]} 4. e3
{[%clk 0:15:44]} e5 {[%clk 0:15:17]} 5. c5 {[%clk 0:15:52]} a5 {[%clk 0:15:07]}
6. Qa4+ {[%clk 0:15:59]} Bd7 {[%clk 0:14:59]} 7. b5 {[%clk 0:16:03]} dxe3
{[%clk 0:12:35]} 8. dxe3 {[%clk 0:15:21]} Bxc5 {[%clk 0:12:18]} 9. Bc4
{[%clk 0:14:52]} Ne7 {[%clk 0:10:22]} 10. Ba3 {[%clk 0:14:47]} Bxa3
{[%clk 0:10:15]} 11. Nxa3 {[%clk 0:14:55]} Nc8 {[%clk 0:10:10]} 12. Rc1
{[%clk 0:12:27]} Qe7 {[%clk 0:09:51]} 13. Nd2 {[%clk 0:11:21]} Qb4
{[%clk 0:08:52]} 14. Qb3 {[%clk 0:11:00]} Qxb3 {[%clk 0:07:51]} 15. Bxb3
{[%clk 0:09:40]} a4 {[%clk 0:07:38]} 16. Bc4 {[%clk 0:09:31]} Nd6
{[%clk 0:07:06]} 17. Ke2 {[%clk 0:08:57]} Ke7 {[%clk 0:06:42]} 18. Bd3
{[%clk 0:08:39]} Rc8 {[%clk 0:05:19]} 19. Ne4 {[%clk 0:08:35]} Be6
{[%clk 0:05:01]} 20. Nxd6 {[%clk 0:07:07]} cxd6 {[%clk 0:04:49]} 21. Rxc8
{[%clk 0:06:52]} Bxc8 {[%clk 0:04:57]} 22. Bxh7 {[%clk 0:07:00]} Be6
{[%clk 0:04:31]} 23. Bb1 {[%clk 0:04:39]} Nd7 {[%clk 0:04:39]} 24. e4
{[%clk 0:04:38]} Rc8 {[%clk 0:04:21]} 25. Kd2 {[%clk 0:04:42]} d5
{[%clk 0:03:52]} 26. exd5 {[%clk 0:04:43]} Bxd5 {[%clk 0:04:00]} 27. f3
{[%clk 0:04:50]} Rh8 {[%clk 0:02:48]} 28. h3 {[%clk 0:04:56]} Nc5
{[%clk 0:02:24]} 29. Kc3 {[%clk 0:04:16]} Rh4 {[%clk 0:02:06]} 30. Rd1
{[%clk 0:04:11]} Bf7 {[%clk 0:02:07]} 31. Rd2 {[%clk 0:04:16]} b6
{[%clk 0:01:36]} 32. Rb2 {[%clk 0:03:23]} Rd4 {[%clk 0:01:29]} 33. Rd2
{[%clk 0:03:26]} Rf4 {[%clk 0:01:28]} 34. Rb2 {[%clk 0:03:30]} Rd4
{[%clk 0:00:57]} 35. Rd2 {[%clk 0:03:37]} Rh4 {[%clk 0:00:54]} 36. Rb2
{[%clk 0:03:44]} Be6 {[%clk 0:00:57]} 37. Rb4 {[%clk 0:03:48]} Rh8
{[%clk 0:01:07]} 38. Nc4 {[%clk 0:03:12]} Bxc4 {[%clk 0:01:10]} 39. Rxc4
{[%clk 0:03:21]} Rc8 {[%clk 0:00:46]} 40. a3 {[%clk 0:03:11]} Kd6
{[%clk 0:00:50]} 41. Bc2 {[%clk 0:02:51]} Rc7 {[%clk 0:00:44]} 42. Kb4
{[%clk 0:02:52]} Ra7 {[%clk 0:00:27]} 43. h4 {[%clk 0:02:27]} Kd5
{[%clk 0:00:24]} 44. h5 {[%clk 0:02:19]} Ra5 {[%clk 0:00:32]} 45. Rxc5+
{[%clk 0:02:06]} bxc5+ {[%clk 0:00:38]} 46. Kxa5 {[%clk 0:02:14]} 1-0

[Event "Team Championship Russia (Rapid, Women)"]
[Site "Sochi"]
[Date "2018.10.08"]
[Round "4.3"]
[White "Guseva, Marina"]
[Black "Kovalevskaya, Ekaterina"]
[Result "1-0"]
[BlackElo "2307"]
[WhiteElo "2320"]
[LiveChessVersion "1.4.8"]

1. d4 {[%clk 0:15:19]} Nf6 {[%clk 0:15:19]} 2. c4 {[%clk 0:15:27]} c5
{[%clk 0:15:28]} 3. d5 {[%clk 0:15:35]} b5 {[%clk 0:15:36]} 4. cxb5
{[%clk 0:15:44]} a6 {[%clk 0:15:46]} 5. bxa6 {[%clk 0:15:53]} g6 {[%clk 0:15:47]}
6. Nc3 {[%clk 0:16:01]} Bg7 {[%clk 0:15:42]} 7. e4 {[%clk 0:16:10]} O-O
{[%clk 0:15:50]} 8. Nf3 {[%clk 0:16:17]} Qa5 {[%clk 0:15:57]} 9. Bd2
{[%clk 0:16:25]} Bxa6 {[%clk 0:16:04]} 10. Be2 {[%clk 0:16:33]} Qb4
{[%clk 0:14:24]} 11. e5 {[%clk 0:12:58]} Ng4 {[%clk 0:13:10]} 12. Bxa6
{[%clk 0:12:58]} Nxa6 {[%clk 0:11:22]} 13. Qe2 {[%clk 0:13:03]} Qxb2
{[%clk 0:09:46]} 14. Rb1 {[%clk 0:13:10]} Qc2 {[%clk 0:07:42]} 15. h3
{[%clk 0:12:31]} Nh6 {[%clk 0:04:43]} 16. Rc1 {[%clk 0:10:57]} Qb2
{[%clk 0:04:49]} 17. Rb1 {[%clk 0:09:07]} Qc2 {[%clk 0:04:51]} 18. Rc1
{[%clk 0:08:28]} Qb2 {[%clk 0:05:00]} 19. O-O {[%clk 0:07:19]} Nb4
{[%clk 0:03:34]} 20. a4 {[%clk 0:06:14]} Nf5 {[%clk 0:02:46]} 21. Qe4
{[%clk 0:04:15]} Nd4 {[%clk 0:01:48]} 22. Nxd4 {[%clk 0:03:56]} Qxd2
{[%clk 0:01:54]} 23. Rfd1 {[%clk 0:03:34]} Qh6 {[%clk 0:02:02]} 24. Ndb5
{[%clk 0:02:38]} Qh5 {[%clk 0:01:49]} 25. Re1 {[%clk 0:01:32]} f5
{[%clk 0:01:07]} 26. Qc4 {[%clk 0:01:34]} Na6 {[%clk 0:00:58]} 27. d6+
{[%clk 0:01:23]} e6 {[%clk 0:01:06]} 28. Nc7 {[%clk 0:01:32]} Nxc7
{[%clk 0:01:09]} 29. dxc7 {[%clk 0:01:41]} f4 {[%clk 0:01:09]} 30. f3
{[%clk 0:01:02]} Bxe5 {[%clk 0:00:55]} 31. Qxc5 {[%clk 0:01:10]} Bxc3
{[%clk 0:00:23]} 32. Qxc3 {[%clk 0:01:07]} Rfc8 {[%clk 0:00:20]} 33. Re5
{[%clk 0:00:53]} Qh4 {[%clk 0:00:21]} 34. Qd2 {[%clk 0:00:46]} Qf6
{[%clk 0:00:27]} 35. Re4 {[%clk 0:00:44]} Qe7 {[%clk 0:00:31]} 36. Qxf4
{[%clk 0:00:49]} Ra7 {[%clk 0:00:26]} 37. Rec4 {[%clk 0:00:53]} d6
{[%clk 0:00:30]} 38. Qe3 {[%clk 0:00:46]} Raxc7 {[%clk 0:00:31]} 39. Rxc7
{[%clk 0:00:55]} Rxc7 {[%clk 0:00:41]} 40. Rxc7 {[%clk 0:01:03]} Qxc7
{[%clk 0:00:50]} 41. Qxe6+ {[%clk 0:01:12]} Kg7 {[%clk 0:00:59]} 42. Qe3
{[%clk 0:00:54]} Kf7 {[%clk 0:00:59]} 43. Kh1 {[%clk 0:00:54]} d5
{[%clk 0:00:50]} 44. Qd2 {[%clk 0:00:49]} Qc4 {[%clk 0:00:54]} 45. a5
{[%clk 0:00:56]} d4 {[%clk 0:00:39]} 46. a6 {[%clk 0:00:46]} Qxa6
{[%clk 0:00:40]} 47. Qxd4 {[%clk 0:00:54]} Qb7 {[%clk 0:00:28]} 48. f4
{[%clk 0:00:44]} Qe7 {[%clk 0:00:25]} 49. Qh8 {[%clk 0:00:40]} Qh4
{[%clk 0:00:15]} 50. Qe5 {[%clk 0:00:36]} Qf2 {[%clk 0:00:23]} 51. Kh2
{[%clk 0:00:43]} Kg8 {[%clk 0:00:27]} 52. Qg5 {[%clk 0:00:51]} Kg7
{[%clk 0:00:35]} 53. Qg3 {[%clk 0:00:59]} Qc2 {[%clk 0:00:43]} 54. Qe3
{[%clk 0:01:07]} Kf7 {[%clk 0:00:47]} 55. Kg3 {[%clk 0:01:16]} Qc7
{[%clk 0:00:45]} 56. h4 {[%clk 0:01:19]} h5 {[%clk 0:00:48]} 57. Qe5
{[%clk 0:01:18]} Qd7 {[%clk 0:00:54]} 58. Qg5 {[%clk 0:01:20]} Qd3+
{[%clk 0:00:57]} 59. Kh2 {[%clk 0:01:29]} Qd6 {[%clk 0:01:02]} 60. Qg3
{[%clk 0:01:08]} Qf6 {[%clk 0:00:46]} 61. Qf2 {[%clk 0:01:11]} Kg7
{[%clk 0:00:47]} 62. g3 {[%clk 0:01:17]} Qf5 {[%clk 0:00:43]} 63. Qd2
{[%clk 0:01:22]} Kh7 {[%clk 0:00:50]} 64. Qe2 {[%clk 0:01:27]} Qc5
{[%clk 0:00:49]} 65. Qd2 {[%clk 0:01:13]} Qf5 {[%clk 0:00:52]} 66. Kg2
{[%clk 0:01:20]} Qe4+ {[%clk 0:00:56]} 67. Kf2 {[%clk 0:01:29]} Qh1
{[%clk 0:00:27]} 68. Qd3 {[%clk 0:01:21]} Qh2+ {[%clk 0:00:29]} 69. Kf3
{[%clk 0:01:29]} Qh1+ {[%clk 0:00:36]} 70. Ke3 {[%clk 0:01:37]} Qe1+
{[%clk 0:00:35]} 71. Kd4 {[%clk 0:01:42]} Qe6 {[%clk 0:00:34]} 72. Qb5
{[%clk 0:00:40]} Qd6+ {[%clk 0:00:22]} 73. Qd5 {[%clk 0:00:39]} Qb4+
{[%clk 0:00:28]} 74. Qc4 {[%clk 0:00:32]} Qd2+ {[%clk 0:00:22]} 75. Ke5
{[%clk 0:00:28]} Qb2+ {[%clk 0:00:18]} 76. Ke6 {[%clk 0:00:26]} Kg7
{[%clk 0:00:13]} 77. Qc7+ {[%clk 0:00:23]} Kh6 {[%clk 0:00:22]} 78. Qd8
{[%clk 0:00:26]} Qb3+ {[%clk 0:00:21]} 79. Kf6 {[%clk 0:00:33]} Qc3+
{[%clk 0:00:26]} 80. Kf7 {[%clk 0:00:41]} Qc4+ {[%clk 0:00:24]} 81. Kf8
{[%clk 0:00:37]} Qb4+ {[%clk 0:00:19]} 82. Qe7 {[%clk 0:00:44]} Qb8+
{[%clk 0:00:25]} 83. Kf7 {[%clk 0:00:42]} Qb3+ {[%clk 0:00:29]} 84. Kf8
{[%clk 0:00:47]} Qb8+ {[%clk 0:00:36]} 85. Qe8 {[%clk 0:00:54]} Qb4+
{[%clk 0:00:21]} 86. Kg8 {[%clk 0:00:55]} Qb3+ {[%clk 0:00:13]} 87. Qf7
{[%clk 0:00:54]} Qxf7+ {[%clk 0:00:11]} 88. Kxf7 {[%clk 0:01:03]} Kh7
{[%clk 0:00:21]} 89. Kf6 {[%clk 0:00:59]} Kh6 {[%clk 0:00:30]} 90. f5
{[%clk 0:01:07]} 1-0

[Event "Team Championship Russia (Rapid, Women)"]
[Site "Sochi"]
[Date "2018.10.08"]
[Round "4.4"]
[White "Dordzhieva, Dinara"]
[Black "Kovanova, Baira"]
[Result "1-0"]
[BlackElo "2317"]
[WhiteElo "2248"]
[LiveChessVersion "1.4.8"]

1. Nf3 {[%clk 0:15:19]} Nf6 {[%clk 0:15:19]} 2. c4 {[%clk 0:15:27]} e6
{[%clk 0:15:27]} 3. g3 {[%clk 0:15:37]} b6 {[%clk 0:15:15]} 4. Bg2
{[%clk 0:15:46]} Bb7 {[%clk 0:15:24]} 5. O-O {[%clk 0:15:54]} Be7
{[%clk 0:15:33]} 6. b3 {[%clk 0:16:03]} O-O {[%clk 0:15:39]} 7. Bb2
{[%clk 0:16:13]} c5 {[%clk 0:15:11]} 8. e3 {[%clk 0:16:21]} d5 {[%clk 0:14:11]}
9. Nc3 {[%clk 0:16:30]} Nbd7 {[%clk 0:13:41]} 10. Qe2 {[%clk 0:16:04]} Ne4
{[%clk 0:13:26]} 11. cxd5 {[%clk 0:15:50]} exd5 {[%clk 0:13:17]} 12. d4
{[%clk 0:15:48]} Bf6 {[%clk 0:12:55]} 13. Rfd1 {[%clk 0:15:51]} Qe7
{[%clk 0:11:25]} 14. Rac1 {[%clk 0:15:38]} Rfd8 {[%clk 0:11:27]} 15. dxc5
{[%clk 0:14:57]} Ndxc5 {[%clk 0:11:29]} 16. Nb5 {[%clk 0:14:46]} Ba6
{[%clk 0:10:15]} 17. Bxf6 {[%clk 0:14:38]} Qxf6 {[%clk 0:10:06]} 18. Nfd4
{[%clk 0:14:43]} Ne6 {[%clk 0:07:03]} 19. Qf3 {[%clk 0:13:42]} Nxd4
{[%clk 0:06:55]} 20. Nxd4 {[%clk 0:13:50]} Qxf3 {[%clk 0:06:48]} 21. Bxf3
{[%clk 0:13:55]} Rac8 {[%clk 0:06:48]} 22. Nc6 {[%clk 0:13:40]} Re8
{[%clk 0:06:18]} 23. Nxa7 {[%clk 0:13:46]} Ra8 {[%clk 0:04:25]} 24. Rc7
{[%clk 0:13:52]} Nf6 {[%clk 0:04:01]} 25. Nc6 {[%clk 0:13:17]} h6
{[%clk 0:03:06]} 26. Ne7+ {[%clk 0:13:07]} Kf8 {[%clk 0:02:48]} 27. Nxd5
{[%clk 0:13:15]} Rad8 {[%clk 0:02:17]} 28. Nxf6 {[%clk 0:13:11]} gxf6
{[%clk 0:02:25]} 29. Rxd8 {[%clk 0:12:59]} Rxd8 {[%clk 0:02:33]} 30. Bh5
{[%clk 0:13:09]} Rd2 {[%clk 0:02:01]} 31. Rxf7+ {[%clk 0:13:13]} Kg8
{[%clk 0:02:09]} 32. Rxf6 {[%clk 0:13:07]} Rxa2 {[%clk 0:02:02]} 33. Rxb6
{[%clk 0:13:08]} Kg7 {[%clk 0:01:25]} 34. h4 {[%clk 0:13:03]} Bd3
{[%clk 0:01:28]} 35. Kg2 {[%clk 0:13:05]} Rb2 {[%clk 0:01:27]} 36. b4
{[%clk 0:13:13]} Kh7 {[%clk 0:01:21]} 37. Bf3 {[%clk 0:13:07]} Rb1
{[%clk 0:01:17]} 38. Bd5 {[%clk 0:13:14]} Rb2 {[%clk 0:01:20]} 39. Kf3
{[%clk 0:13:12]} Kg7 {[%clk 0:01:23]} 40. Be4 {[%clk 0:12:59]} 1-0